Indian Agricultural Sector in the Light of WTO Laws A Critical Study /

Bibliographic Details
Main Author: Banerjee, Indranil
Other Authors: Roy, Apoorva, Singh, Ajayraj
Format: eBook
Language:English
Published: Nueva Delhi: Lambert Academic Publishing, 2019
Subjects:
Online Access:Acceso restringido

MARC

LEADER 00000nam a22000007a 4500
005 20190919001955.0
007 cr|||| |||
008 190919s2019 in |||||s|||| 00||0 eng d
020 |a 9786200102935 
035 |a 29434 
040 |a vLex 
090 |c 9575  |d 9575 
100 1 |a Banerjee, Indranil 
245 1 0 |a Indian Agricultural Sector in the Light of WTO Laws  |h [Recurso electrn̤ico] :  |b A Critical Study /  |c Indranil Banerjee, Apoorva Roy, Ajayraj Singh 
256 |a Servicio en ln̕ea 
260 |a Nueva Delhi:  |b Lambert Academic Publishing,  |c 2019 
300 |a 1 recurso electrn̤ico 
500 |a India has always been described as an agricultural economy despite it's becoming part of the revolutionized and ultra-modern outlook in trade activities. Some has foretold that, the Indian agricultural sector is at stake in the era of WTO, whether the same is true or a misnomer is the cardinal aim of the book to find out. Also, the instant publication has successfully pointed out some extremely paramount issues dealing with Indian agriculture and trade. At the end, some suggestions have also been added up for the policy makers. 
506 1 |a Disponible solo en los productos indicados  |d vLex Global  |d vLex Global (Academic Edition, excluding Law Schools)  |d vLex Global (U.S. Academic Edition, Law Schools)  |d vLex Global (U.S. Academic Edition, excluding Law Schools)  |d vLex Global (Academic Edition, Law Schools) 
650 0 4 |a Derecho Pb︢lico y Administrativo  |z India 
700 1 |a Roy, Apoorva 
700 1 |a Singh, Ajayraj 
740 0 |a vLex Libros (Servicio en ln̕ea) 
856 4 0 |u http://vlex.com/source/29434  |z Acceso restringido 
942 |c BOOK 
999 0 |a Public and Administrative Law